First Pokémon by Type Combination: Rock - Statistics

General Stats
  • This quiz has been taken 80 times
    31 since last reset
  • The average score is 15 of 16
Answer Stats
Type combination Pokédex # Pokémon Region % Correct
Rock / Ground 0074 Geodude Kanto
100%
Rock / Electric 0074 Geodude Alola
100%
Rock / Water 0138 Omanyte Kanto
100%
Rock / Flying 0142 Aerodactyl Kanto
95%
Rock / Fire 0058 Growlithe Hisui
95%
Rock / Psychic 0337 Lunatone Hoenn
95%
Rock / Steel 0304 Aron Hoenn
91%
Rock / Fairy 0703 Carbink Kalos
91%
Rock / Grass 0345 Lileep Hoenn
91%
Pure Rock 0185 Sudowoodo Johto
91%
Rock / Dark 0248 Tyranitar Johto
91%
Rock / Dragon 0696 Tyrunt Kalos
91%
Rock / Ice 0698 Amaura Kalos
86%
Rock / Poison 0793 Nihilego Alola
86%
Rock / Bug 0213 Shuckle Johto
86%
Rock / Fighting 0639 Terrakion Unova
82%
No matching quizzes found
Score Distribution
Percent of People with Each Score
Percentile by Number Answered
Your Score History
You have not taken this quiz since the last reset